00827cam a22002897a 4500003000500000005001700005008004100022010001000063011001000073020001500083035001100098040000900109082001800118100001900136245006600155250000900221260005000230300003100280500005300311650003100364650002600395650003300421650001600454650003100470650001500501700002100516CHAP20220329142948.0050426d2000 mx a r 00110 spa d a90187 a91159 a9701703987 a101717 cCHAP04a531bP6Y 200000aPopov, Egor P.10aMecánica de sólidosc/por Egor P. Popov y Toader A. Balan a2ed. aMéxico, D.F. :bPearson educación,c2000. a864 p. :bilus. , gráfs. aTrad. de : Engineering mechanics of solids, 199914aDeformaciones mecánicas.14aEsfuerzo y tensión.14aIngeniería de estructuras.14aMecánica.14aResistencia de materiales.14aSólidos.0 aBalan, Toader A.